01395pam a2200325 a 4500999001700000001000800017003000400025005001700029008004100046010001700087020003900104020004600143040001800189050002200207082001400229245002700243260010500270300004500375500018500420504003000605600004200635700002900677710003800706710004200744710002400786856009400810856008600904906004500990942003401035 c26056d260561965799OSt20170201165142.0881101s1988 caua bc l000 0 eng  a 88027259  a8877790539 (Nuova Alfa editoriale) a8877790520 (Nuova Alfa editoriale : pbk.) aDLCcDLCdDLC00aND623.R6bA4 198800a759.521900aGuido Reni, 1575-1642. aLos Angeles, Calif. :bLos Angeles County Museum of Art ;aBologna :bNuova Alfa editoriale,cc1988. axi, 367 p. :bill. (some col.) ;c29 cm. aCatalogue of an exhibition jointly organized by the Pinacoteca nazionale of Bologna and the Los Angeles Museum of Art in association with the Kimbell Art Museum of Fort Worth, Tex. aBibliography: p. 357-365.10aReni, Guido,d1575-1642xExhibitions.1 aReni, Guido,d1575-1642.2 aLos Angeles County Museum of Art.2 aPinacoteca nazionale (Bologna, Italy)2 aKimbell Art Museum.423Contributor biographical informationuhttp://www.loc.gov/catdir/bios/jhu052/88027259.html423Publisher descriptionuhttp://www.loc.gov/catdir/description/jhu051/88027259.html a7bcbccorignewd1eocipf19gy-gencatlg 2lcccBOOKShND 623 .R6A4 1988